Top 150 market values (2026) - Statistics

General Stats
  • This quiz has been taken 208 times
    9 since last reset
  • The average score is 106 of 150
Answer Stats
postion market value club player % Correct
13 120,00 Mio.€ FC Liverpool Alexander Isak
100%
21 90,00 Mio.€ Real Madrid Arda Güler
100%
38 75,00 Mio.€ Newcastle United Bruno Guimaraes
100%
9 130,00 Mio.€ FC Arsenal Bukayo Saka
100%
106 50,00 Mio.€ Real Madrid Eduardo Camavinga
100%
2 200,00 Mio.€ Manchester City Erling Haaland
100%
16 110,00 Mio.€ FC Liverpool Florian Wirtz
100%
142 45,00 Mio.€ FC Barcelona Frenkie De Jong
100%
73 65,00 Mio.€ FC Bayern München Harry Kane
100%
7 130,00 Mio.€ FC Bayern München Jamal Musiala
100%
4 160,00 Mio.€ Real Madrid Jude Bellingham
100%
3 200,00 Mio.€ Real Madrid Kylian Mbappe
100%
1 200,00 Mio.€ FC Barcelona Lamine Yamal
100%
29 85,00 Mio.€ Inter Milan Lautaro Martinez
100%
8 130,00 Mio.€ FC Bayern München Michael Olise
100%
14 110,00 Mio.€ FC Chelsea Moises Caicedo
100%
79 60,00 Mio.€ Athletic Bilbao Nico Williams
100%
32 80,00 Mio.€ FC Barcelona Raphinha
100%
87 60,00 Mio.€ Real Madrid Rodrygo
100%
43 75,00 Mio.€ Galatasaray Istanbul Victor Osimhen
100%
5 150,00 Mio.€ Real Madrid Vinicius Junior
100%
34 80,00 Mio.€ Paris St-Germain Achraf Hakimi
83%
63 65,00 Mio.€ FC Bayern München Aleksandar Pavlovic
83%
27 85,00 Mio.€ FC Liverpool Alexis Mac Allister
83%
84 60,00 Mio.€ Newcastle United Anthony Gordon
83%
41 75,00 Mio.€ Real Madrid Aurelien Tchouameni
83%
81 60,00 Mio.€ Manchester United Benjamin Sesko
83%
48 70,00 Mio.€ Paris St-Germain Bradley Barcola
83%
42 75,00 Mio.€ Manchester United Bryan Mbeumo
83%
90 60,00 Mio.€ AC Milan Christian Pulisic
83%
56 70,00 Mio.€ FC Liverpool Cody Gakpo
83%
10 120,00 Mio.€ FC Chelsea Cole Palmer
83%
59 70,00 Mio.€ FC Bayern München Dayot Upamecano
83%
47 70,00 Mio.€ Real Madrid Dean Huijsen
83%
12 120,00 Mio.€ FC Arsenal Declan Rice
83%
20 90,00 Mio.€ Paris St-Germain Desire Doue
83%
28 85,00 Mio.€ FC Liverpool Dominik Szoboszlai
83%
68 65,00 Mio.€ FC Arsenal Eberechi Eze
83%
26 85,00 Mio.€ FC Chelsea Enzo Fernandez
83%
30 80,00 Mio.€ FC Chelsea Estevao
83%
50 70,00 Mio.€ FC Barcelona Fermin Lopez
83%
118 50,00 Mio.€ FC Barcelona Ferran Torres
83%
131 45,00 Mio.€ FC Arsenal Gabriel Martinelli
83%
25 85,00 Mio.€ FC Liverpool Hugo Ekitike
83%
119 50,00 Mio.€ FC Liverpool Ibrahima Konate
83%
67 65,00 Mio.€ Manchester City Jeremy Doku
83%
15 110,00 Mio.€ Paris St-Germain Joao Neves
83%
64 65,00 Mio.€ FC Chelsea Joao Pedro
83%
18 100,00 Mio.€ Atletico Madrid Julian Alvarez
83%
57 70,00 Mio.€ FC Arsenal Jurrien Timber
83%
85 60,00 Mio.€ Borussia Dortmund Karim Adeyemi
83%
36 75,00 Mio.€ Juventus Turin Kenan Yildiz
83%
22 90,00 Mio.€ Paris St-Germain Kvicha Kvaratskhelia
83%
53 70,00 Mio.€ FC Bayern München Luis Diaz
83%
89 60,00 Mio.€ Inter Milan Marcus Thuram
83%
40 75,00 Mio.€ FC Arsenal Martin Zubimendi
83%
97 55,00 Mio.€ Tottenham Hotspurs Mohammed Kudus
83%
71 65,00 Mio.€ Nottingham Forest Morgan Gibbs-White
83%
55 70,00 Mio.€ Newcastle United Nick Woltemade
83%
93 60,00 Mio.€ Inter Milan Nicolo Barella
83%
37 75,00 Mio.€ Paris St-Germain Nuno Mendes
83%
70 65,00 Mio.€ Manchester City Omar Marmoush
83%
19 100,00 Mio.€ Paris St-Germain Ousmane Dembele
83%
31 80,00 Mio.€ FC Barcelona Pau Cubarsi
83%
6 140,00 Mio.€ FC Barcelona Pedri
83%
92 60,00 Mio.€ Manchester City Ruben Dias
83%
24 90,00 Mio.€ FC Liverpool Ryan Gravenberch
83%
44 75,00 Mio.€ Newcastle United Sandro Tonali
83%
61 70,00 Mio.€ Real Madrid Trent Alexander-Arnold
83%
60 70,00 Mio.€ FC Arsenal Viktor Gyökeres
83%
17 110,00 Mio.€ Paris St-Germain Vitinha
83%
49 70,00 Mio.€ Paris St-Germain William Pacho
83%
23 90,00 Mio.€ FC Arsenal William Saliba
83%
83 60,00 Mio.€ Tottenham Hotspurs Xavi Simons
83%
80 60,00 Mio.€ FC Barcelona Alejandro Balde
67%
35 80,00 Mio.€ Inter Milan Alessandro Bastoni
67%
117 50,00 Mio.€ FC Bayern München Alphonso Davies
67%
145 42,00 Mio.€ Aston Villa Amadou Onana
67%
110 50,00 Mio.€ Newcastle United Anthony Elanga
67%
65 65,00 Mio.€ Manchester City Antoine Semenyo
67%
88 60,00 Mio.€ Tottenham Hotspurs Cristian Romero
67%
91 60,00 Mio.€ FC Barcelona Dani Olmo
67%
11 120,00 Mio.€ Real Madrid Federico Valverde
67%
101 50,00 Mio.€ Real Madrid Franco Mastantuono
67%
39 75,00 Mio.€ FC Arsenal Gabriel Magalhaes
67%
144 45,00 Mio.€ Manchester City Gianluigi Donnarumma
67%
132 45,00 Mio.€ FC Everton Iliman Ndiaye
67%
105 50,00 Mio.€ Paris St.Germain Ilya Zabarnyi
67%
72 65,00 Mio.€ FC Barcelona Jules Kounde
67%
100 55,00 Mio.€ FC Arsenal Kai Havertz
67%
74 60,00 Mio.€ FC Bayern München Lennart Karl
67%
95 55,00 Mio.€ Manchester United Leny Yoro
67%
98 55,00 Mio.€ Crystal Palace Marc Guehi
67%
46 75,00 Mio.€ FC Arsenal Martin Odegaard
67%
112 50,00 Mio.€ Olympique Marseille Mason Greenwood
67%
51 70,00 Mio.€ Manchester United Matheus Cunha
67%
66 65,00 Mio.€ Tottenham Hotspurs Micky Van de Ven
67%
141 45,00 Mio.€ AC Florenz Moise Kean
67%
52 70,00 Mio.€ Aston Villa Morgan Rogers
67%
127 45,00 Mio.€ FC Bayern München Nicolas Jackson
67%
113 50,00 Mio.€ FC Arsenal Noni Madueke
67%
86 60,00 Mio.€ FC Chelsea Pedro Neto
67%
33 80,00 Mio.€ Manchester City Phil Foden
67%
104 50,00 Mio.€ FC Arsenal Piero Hincapie
67%
58 70,00 Mio.€ AC Milan Rafael Leao
67%
134 45,00 Mio.€ SSC Neapel Rasmus Hojlund
67%
109 50,00 Mio.€ Manchester City Rayan Cherki
67%
115 50,00 Mio.€ FC Chelsea Reece James
67%
114 50,00 Mio.€ FC Arsenal Riccardo Calafiori
67%
45 75,00 Mio.€ Manchester City Rodri
67%
143 45,00 Mio.€ SSC Neapel Scott McTominay
67%
147 40,00 Mio.€ FC Bayern München Tom Bischof
67%
78 60,00 Mio.€ Crystal Palace Adam Wharton
50%
126 45,00 Mio.€ FC Chelsea Alejandro Garnacho
50%
76 60,00 Mio.€ Real Madrid Alvaro Carreras
50%
111 50,00 Mio.€ Manchester United Amad Diallo
50%
125 45,00 Mio.€ Eintracht Frankfurt Can Uzun
50%
133 45,00 Mio.€ RB Leipzig Castello Lukeba
50%
138 45,00 Mio.€ Tottenham Hotspurs Dejan Kulusevski
50%
82 60,00 Mio.€ Nottingham Forest Elliot Anderson
50%
121 50,00 Mio.€ Inter Milan Federico Dimarco
50%
139 45,00 Mio.€ Borussia Dortmund Felix Nmecha
50%
123 45,00 Mio.€ Sporting Lisbon Geovany Quenda
50%
150 40,00 Mio.€ Eintracht Frankfurt Hugo Larsson
50%
54 70,00 Mio.€ Manchester City Josko Gvardiol
50%
148 40,00 Mio.€ Manchester United Kobie Mainoo
50%
120 50,00 Mio.€ FC Chelsea Marc Cucurella
50%
62 65,00 Mio.€ Como Nico Paz
50%
99 55,00 Mio.€ Borussia Dortmund Nico Schlotterbeck
50%
124 45,00 Mio.€ Sporting Lisbon Ousmane Diomande
50%
149 40,00 Mio.€ FC Porto Rodrigo Mora
50%
146 40,00 Mio.€ 1.FC Köln Said El Mala
50%
102 50,00 Mio.€ FC Porto Samu Aghehowa
50%
69 65,00 Mio.€ Manchester City Tijjani Reijnders
50%
103 50,00 Mio.€ Paris St-Germain Warren Zaire Emery
50%
122 50,00 Mio.€ RB Leipzig Yan Diomande
50%
140 45,00 Mio.€ SSC Neapel Alessandro Buongiorno
33%
96 55,00 Mio.€ Atletico Madrid Alex Baena
33%
137 45,00 Mio.€ VFB Stuttgart Angelo Stiller
33%
75 60,00 Mio.€ Brighton & Hove Albion Carlos Baleba
33%
135 45,00 Mio.€ Sporting Lisbon Goncalo Inacio
33%
130 45,00 Mio.€ FC Everton Jarrad Branthwaite
33%
108 50,00 Mio.€ FC Chelsea Levi Colwill
33%
116 50,00 Mio.€ Sporting Lisbon Morten Hjulmand
33%
129 45,00 Mio.€ Manchester City Savinho
33%
128 45,00 Mio.€ AS Monaco Maghnes Akliouche
17%
107 50,00 Mio.€ AS Rom Manu Kone
17%
94 55,00 Mio.€ Nottingham Forest Murillo
17%
136 45,00 Mio.€ Manchester City Nico Gonzalez
17%
77 60,00 Mio.€ Atletico Madrid Pablo Barrios
17%
No matching quizzes found
Score Distribution
Percent of People with Each Score
Percentile by Number Answered
Your Score History
You have not taken this quiz since the last reset